[Event "C.P.A. Zevio 2013"]
[Site "?"]
[Date "2013.01.25"]
[Round "4"]
[White "Luciani, Valerio"]
[Black "Zanchetta, Nicola"]
[Result "1-0"]
[WhiteElo "2227"]
[BlackElo "1893"]
[PlyCount "69"]
[EventDate "2014.03.18"]
[SourceDate "2014.03.18"]

1. d4 Nf6 2. c4 c5 3. d5 b5 4. cxb5 a6 5. b6 Qxb6 6. Nf3 e6 7. Nc3 exd5 8. Nxd5
Nxd5 9. Qxd5 Bb7 10. Qe5+ Qe6 11. Qc7 Qc6 12. Qg3 Qf6 13. Bf4 Nc6 14. O-O-O Nb4
15. a3 Be4 16. axb4 cxb4 17. Be5 Qc6+ 18. Kd2 f6 19. Bd4 b3 20. Bc3 Bc2 21. Nd4
Qd5 22. e4 Bxe4 23. Qe3 Kf7 24. Bc4 Qxc4 25. Qxe4 Re8 26. Qd3 Qd5 27. g3 g6 28.
Kc1 Rc8 29. Rhe1 Be7 30. Nxb3 Qxb3 31. Rxe7+ Kxe7 32. Qxd7+ Kf8 33. Qxc8+ Kg7
34. Rd7+ Kh6 35. Qxh8 1-0

[Event "CPA Zevio 2013"]
[Site "?"]
[Date "2013.01.25"]
[Round "4"]
[White "Marin, Alessandro"]
[Black "Faccia, Sergio"]
[Result "0-1"]
[WhiteElo "1988"]
[BlackElo "2013"]
[PlyCount "88"]
[EventDate "2014.03.18"]
[SourceDate "2014.03.18"]

1. e4 e5 2. Nf3 Nc6 3. d4 exd4 4. Nxd4 Bc5 5. Nxc6 bxc6 6. Bd3 Qh4 7. Qd2 Nf6
8. O-O d5 9. e5 Ng4 10. h3 Nxe5 11. Re1 f6 12. Qf4 Qxf4 13. Bxf4 O-O 14. Bf1
Bxh3 15. Nd2 Bg4 16. Be2 Bxe2 17. Rxe2 Rab8 18. Nb3 Bb6 19. Kf1 g5 20. Bg3 Rbe8
21. Rae1 Rd8 22. Nd2 h6 23. f3 Ng6 24. Re6 c5 25. R1e2 Kf7 26. Rc6 Ne7 27. Rce6
Nf5 28. Bf2 c4 29. g4 Bxf2 30. gxf5 Bc5 31. Rh2 Rh8 32. Rh5 Rde8 33. Rxe8 Kxe8
34. Ke2 Kd7 35. Nf1 Kd6 36. Nh2 Ke5 37. Ng4+ Kxf5 38. Rxh6 Rxh6 39. Nxh6+ Kf4
40. Ng4 f5 41. Nh2 d4 42. b3 d3+ 43. cxd3 cxd3+ 44. Kxd3 Kg3 0-1

[Event "C.P.A. Zevio 2013"]
[Site "?"]
[Date "2013.01.25"]
[Round "4"]
[White "Coratella, Giuseppe"]
[Black "Oppici, Gabriele"]
[Result "1-0"]
[WhiteElo "2233"]
[BlackElo "1977"]
[PlyCount "77"]
[EventDate "2014.03.18"]
[SourceDate "2014.03.18"]

1. e4 Nc6 2. Nf3 d6 3. Bc4 Nf6 4. d3 Bg4 5. h3 Bxf3 6. gxf3 e6 7. Bb3 Be7 8.
Be3 d5 9. Rg1 Rg8 10. c3 Qd6 11. Qe2 O-O-O 12. Bc2 Kb8 13. f4 dxe4 14. dxe4 e5
15. f5 g6 16. fxg6 Rxg6 17. Rxg6 hxg6 18. Nd2 Qe6 19. Bb3 Qxh3 20. Bxf7 Qh1+
21. Qf1 Qh7 22. Be6 Qh5 23. f3 Qh4+ 24. Qf2 Qh1+ 25. Qg1 Qxg1+ 26. Bxg1 Nh5 27.
Be3 Rf8 28. Ke2 Nf4+ 29. Bxf4 Rxf4 30. Rg1 Rf6 31. Bd5 Nd8 32. Nc4 Bd6 33. Rg5
c6 34. Bg8 Kc7 35. Nxe5 Bxe5 36. Rxe5 Rf8 37. Re7+ Kd6 38. Rg7 Rf6 39. Ke3 1-0

[Event "C.P.A. Zevio 2013"]
[Site "?"]
[Date "2013.01.25"]
[Round "4"]
[White "Brunelli, Giovanni"]
[Black "Sprea, Giuseppe"]
[Result "1/2-1/2"]
[WhiteElo "1971"]
[BlackElo "1947"]
[PlyCount "52"]
[EventDate "2014.03.18"]
[SourceDate "2014.03.18"]

1. e4 c5 2. Nf3 Nc6 3. d4 cxd4 4. Nxd4 e6 5. Nc3 Qc7 6. Be2 a6 7. O-O Nf6 8.
Be3 Bb4 9. Qd3 Ne5 10. Qd1 Bxc3 11. bxc3 Nc4 12. Bxc4 Qxc4 13. Qd3 d5 14. e5
Nd7 15. Bf4 Qxd3 16. cxd3 Nc5 17. Rfd1 Bd7 18. Nb3 Rc8 19. Rac1 Ba4 20. Nxc5
Rxc5 21. Rd2 d4 22. c4 O-O 23. Rb2 b5 24. cxb5 Rxc1+ 25. Bxc1 Rc8 26. Bd2 Bxb5
1/2-1/2

[Event "C.P.A. Zevio 2013"]
[Site "?"]
[Date "2013.01.25"]
[Round "4"]
[White "Rizzati, Aldo"]
[Black "Negro, Raffaele"]
[Result "1-0"]
[WhiteElo "1944"]
[BlackElo "1826"]
[PlyCount "73"]
[EventDate "2014.03.18"]
[SourceDate "2014.03.18"]

1. e4 b6 2. d4 Bb7 3. Bd3 Nf6 4. Qe2 Nc6 5. c3 e5 6. d5 Ne7 7. Nf3 Ng6 8. O-O
Bc5 9. a3 a5 10. c4 O-O 11. Nc3 Re8 12. Bg5 h6 13. Bxf6 Qxf6 14. Nb5 Rac8 15.
Rab1 Nf4 16. Qd2 Qg6 17. g3 Qg4 18. Nh4 c6 19. Nc3 cxd5 20. cxd5 Be7 21. Ng2
Nh3+ 22. Kh1 Bg5 23. Qe1 d6 24. Be2 Qd7 25. Bb5 Qc7 26. Bxe8 Rxe8 27. Qe2 Qc8
28. a4 f5 29. Nb5 Qc5 30. Qh5 Nxf2+ 31. Rxf2 Rc8 32. Rxf5 Bf6 33. Qg4 Kh7 34.
Rbf1 Qb4 35. Rxf6 gxf6 36. Qf5+ Kg8 37. Qg6+ 1-0

[Event "C.P.A. Zevio 2013"]
[Site "?"]
[Date "2013.01.25"]
[Round "4"]
[White "Khachab, Ibrahim"]
[Black "Recchia, Mattia"]
[Result "1-0"]
[WhiteElo "1922"]
[BlackElo "1506"]
[PlyCount "53"]
[EventDate "2014.03.18"]
[SourceDate "2014.03.18"]

1. e4 c5 2. Nf3 d6 3. d4 cxd4 4. Nxd4 Nf6 5. Nc3 a6 6. Be3 e5 7. Nb3 Be6 8. f3
h5 9. Qd2 Nbd7 10. O-O-O Rc8 11. Kb1 b5 12. Be2 Be7 13. h4 g6 14. Bg5 Bc4 15.
Qe3 b4 16. Bxc4 Rxc4 17. Nd5 Nxd5 18. Rxd5 Bxg5 19. hxg5 Nc5 20. Qe2 Nxb3 21.
Qxc4 Nd4 22. Qxb4 Ke7 23. Rxe5+ Ne6 24. Rd1 h4 25. Red5 Nc5 26. Rxc5 dxc5 27.
Qxc5+ 1-0

[Event "C.P.A. Zevio 2013"]
[Site "?"]
[Date "2013.01.25"]
[Round "4"]
[White "Bonini, Roberto"]
[Black "Molinaroli, Giacomo"]
[Result "0-1"]
[WhiteElo "1888"]
[BlackElo "1874"]
[PlyCount "89"]
[EventDate "2014.03.18"]
[SourceDate "2014.03.18"]

1. e4 e5 2. Nf3 Nc6 3. d4 exd4 4. Nxd4 Bc5 5. Be3 Qf6 6. c3 Nge7 7. Bc4 Ne5 8.
Be2 d6 9. Nd2 O-O 10. O-O Qh4 11. N2f3 Nxf3+ 12. Nxf3 Qxe4 13. Bxc5 dxc5 14.
Bd3 Qg4 15. Qc2 Ng6 16. h3 Qf4 17. Be4 c6 18. Rfe1 Be6 19. Rad1 Rad8 20. Re2
Rfe8 21. Rde1 Rd6 22. Bf5 Nf8 23. Qe4 Qxe4 24. Rxe4 g6 25. Bxe6 Nxe6 26. Ng5
Kg7 27. f4 h6 28. Nxe6+ Rdxe6 29. Rxe6 Rxe6 30. Rxe6 fxe6 31. Kf2 Kf6 32. Ke3
e5 33. Ke4 exf4 34. Kxf4 b5 35. b4 Ke6 36. Ke4 Kd6 37. a3 a6 38. g3 cxb4 39.
axb4 c5 40. Ke3 Kd5 41. Kd3 g5 42. g4 Kc6 43. Ke4 cxb4 44. cxb4 a5 45. bxa5 0-1

[Event "C.P.A. Zevio 2013"]
[Site "?"]
[Date "2013.01.25"]
[Round "4"]
[White "Bartiromo, Gerardo"]
[Black "Cordioli, Luca"]
[Result "1/2-1/2"]
[WhiteElo "1621"]
[BlackElo "1697"]
[PlyCount "88"]
[EventDate "2014.03.18"]
[SourceDate "2014.03.18"]

1. d4 d5 2. Nf3 Nf6 3. e3 c6 4. c3 Bg4 5. Nbd2 Nbd7 6. Be2 Qc7 7. Qc2 e5 8. e4
dxe4 9. Nxe4 exd4 10. Nxd4 Bxe2 11. Nxf6+ Nxf6 12. Qxe2+ Qe7 13. Qxe7+ Bxe7 14.
Nf5 g6 15. Nxe7 Kxe7 16. Bg5 h6 17. Be3 Kf8 18. O-O-O Kg7 19. Bd4 Rhe8 20. Rhe1
b6 21. Rxe8 Rxe8 22. Rd3 c5 23. Be3 Ng4 24. h3 Nxe3 25. fxe3 Re7 26. Kd2 Kf6
27. Ke2 Ke5 28. c4 f5 29. Kf3 Ke6 30. Rd5 Rf7 31. h4 g5 32. hxg5 hxg5 33. a4 a6
34. b3 a5 35. g4 fxg4+ 36. Kxg4 Rf1 37. Kxg5 Rf3 38. Rd3 Ke5 39. Kg4 Ke4 40.
Rd6 Rxe3 41. Rxb6 Kd4 42. Rb5 Rc3 43. Kf5 Re3 44. Kf4 Re4+ 1/2-1/2

[Event "C.P.A. Zevio 2013"]
[Site "?"]
[Date "2013.01.25"]
[Round "4"]
[White "La Piana, Antonio"]
[Black "Macalello, Angelo"]
[Result "1/2-1/2"]
[WhiteElo "1830"]
[BlackElo "1707"]
[PlyCount "74"]
[EventDate "2014.03.18"]
[SourceDate "2014.03.18"]

1. e4 c6 2. d4 d5 3. Nc3 dxe4 4. Nxe4 Nd7 5. Nf3 Ngf6 6. Bd3 g6 7. Qe2 Nxe4 8.
Bxe4 Bg7 9. c3 O-O 10. O-O Re8 11. Bg5 Qc7 12. Qc2 Nf6 13. Bd3 Nd5 14. Qd2 Bg4
15. Be4 Nf6 16. Bc2 Bxf3 17. gxf3 e5 18. dxe5 Rad8 19. Qf4 Nh5 20. Bxd8 Rxd8
21. Qh4 Rd2 22. Bb3 Bxe5 23. Rad1 Bf6 24. Qg4 Rxd1 25. Rxd1 Qe5 26. Qd7 Kg7 27.
Qxf7+ Kh6 28. Qf8+ Bg7 29. Qd8 Bf6 30. Qd4 Qg5+ 31. Qg4 Qe5 32. Bc2 Nf4 33. Be4
Bg5 34. Kh1 Nh5 35. Qh3 Bf4 36. Qh4 Bg5 37. Qh3 Bf4 1/2-1/2

[Event "C.P.A. Zevio 2013"]
[Site "?"]
[Date "2013.01.25"]
[Round "4"]
[White "Garofalo, Sergio"]
[Black "Fratton, Zeno"]
[Result "1-0"]
[WhiteElo "1822"]
[BlackElo "1819"]
[PlyCount "85"]
[EventDate "2014.03.18"]
[SourceDate "2014.03.18"]

1. Nf3 Nf6 2. d4 e6 3. e3 d5 4. b3 Bd6 5. Bb2 O-O 6. Bd3 b6 7. Nbd2 c5 8. O-O
Nbd7 9. Ne5 Qc7 10. f4 Bb7 11. Qe2 Ne4 12. c4 Nxd2 13. Qxd2 Nf6 14. Rac1 Qe7
15. Qe2 Rac8 16. f5 exf5 17. Rxf5 Rce8 18. Rcf1 Bc8 19. Qf3 Bxf5 20. Qxf5 Qe6
21. Qg5 Ne4 22. Qh4 Be7 23. cxd5 Bxh4 24. dxe6 Nd6 25. exf7+ Nxf7 26. Bc4 Bf6
27. Nxf7 Rxf7 28. Bxf7+ Kxf7 29. dxc5 bxc5 30. Bxf6 gxf6 31. Kf2 f5 32. Rc1 Re5
33. Rc4 Kf6 34. Kf3 Kg5 35. a3 h6 36. h4+ Kh5 37. Kf4 Rd5 38. g3 Kg6 39. Ra4
Rd3 40. Ra6+ Kh5 41. Kxf5 Rxe3 42. g4+ Kxh4 43. Kf4 1-0

[Event "C.P.A. Zevio 2013"]
[Site "?"]
[Date "2013.01.25"]
[Round "4"]
[White "Adami, Antonio"]
[Black "Abdelaziz, Abdelaziz"]
[Result "1-0"]
[WhiteElo "1720"]
[BlackElo "1811"]
[PlyCount "63"]
[EventDate "2014.03.18"]
[SourceDate "2014.03.18"]

1. e4 d5 2. exd5 Qxd5 3. Nc3 Qd6 4. Nf3 Nf6 5. Be2 c6 6. a4 a5 7. O-O Bg4 8.
Re1 e6 9. b3 Qc7 10. Ng5 Bf5 11. Bc4 Bd6 12. Bxe6 fxe6 13. Nxe6 Bxe6 14. Rxe6+
Kf7 15. Rxf6+ Kxf6 16. Ne4+ Kf7 17. Qh5+ Kg8 18. Qe8+ Bf8 19. Ba3 Qf7 20. Qc8
h6 21. Bxf8 Kh7 22. Qh3 Qxf8 23. Ng5+ Kg6 24. Ne6 Qf5 25. Qg3+ Kf6 26. Qxg7+
Kxe6 27. Re1+ Kd5 28. c4+ Kc5 29. Re5+ Kb4 30. Rxf5 Na6 31. Qc3+ Ka3 32. b4+
1-0

[Event "C.P.A. Zevio 2013"]
[Site "?"]
[Date "2013.01.25"]
[Round "4"]
[White "Scagliarini, Gennaro"]
[Black "Zonta, Riccardo"]
[Result "1-0"]
[WhiteElo "1722"]
[BlackElo "1638"]
[PlyCount "109"]
[EventDate "2014.03.18"]
[SourceDate "2014.03.18"]

1. d4 d5 2. Nf3 Nf6 3. Bf4 c5 4. c3 cxd4 5. cxd4 Nc6 6. e3 e6 7. a3 Bd6 8. Ne5
O-O 9. Bd3 Bb8 10. O-O Nd7 11. Nxd7 Bxd7 12. Bxb8 Nxb8 13. Nd2 Bc6 14. f4 f5
15. Nf3 h6 16. b4 a6 17. Ne5 Be8 18. Rf2 Nd7 19. Rc1 Nxe5 20. fxe5 Rc8 21. Rfc2
Bc6 22. Bxa6 Qd7 23. b5 bxa6 24. bxc6 Qc7 25. Rc5 Rb8 26. Qa4 f4 27. exf4 Rxf4
28. Ra5 Rb2 29. Rac5 Rff2 30. R5c2 Rfxc2 31. Rxc2 Rb1+ 32. Kf2 Qf7+ 33. Ke3 Rf1
34. Kd3 Qf4 35. Kc3 Rb1 36. Qxa6 Qe3+ 37. Qd3 Rb3+ 38. Kxb3 Qxd3+ 39. Kb2 Qxd4+
40. Ka2 Qd3 41. Kb2 Qb5+ 42. Ka2 Qb8 43. c7 Qc8 44. Kb2 Kf7 45. a4 d4 46. Kc1
Ke7 47. a5 Kd7 48. Kd2 Qxc7 49. Rxc7+ Kxc7 50. Kd3 Kb7 51. Kxd4 Ka6 52. Kc5
Kxa5 53. Kd6 Kb6 54. Kxe6 Kc7 55. Kf7 1-0

[Event "C.P.A. Zevio 2013"]
[Site "?"]
[Date "2013.01.25"]
[Round "4"]
[White "Bortolazzi, Michele"]
[Black "Avanzini, Angelo"]
[Result "1-0"]
[WhiteElo "1896"]
[BlackElo "1488"]
[PlyCount "82"]
[EventDate "2014.03.18"]
[SourceDate "2014.03.18"]

1. e4 c5 2. Nf3 Nc6 3. d4 cxd4 4. Nxd4 g6 5. c4 Bg7 6. Be3 Nf6 7. f3 O-O 8. Qd2
d6 9. Nc3 Nxd4 10. Bxd4 a6 11. Be2 Bd7 12. O-O Rb8 13. Rfd1 b5 14. cxb5 axb5
15. b4 Qc7 16. Rac1 Qb7 17. Rc2 h5 18. e5 dxe5 19. Bxe5 Qb6+ 20. Bd4 Qb7 21.
Bxf6 Bf5 22. Bxg7 Bxc2 23. Qxc2 Kxg7 24. Nxb5 Qb6+ 25. Kh1 Rbc8 26. Qe4 Rfe8
27. a4 Rc6 28. h3 Rf6 29. Qd4 Qxd4 30. Nxd4 Rd6 31. a5 Red8 32. b5 Rxd4 33.
Rxd4 Rxd4 34. a6 Ra4 35. b6 Ra1+ 36. Kh2 Rb1 37. a7 Rxb6 38. a8=Q Rd6 39. Bc4
e6 40. Qe4 Kh6 41. Qf4+ Kg7 1-0

[Event "C.P.A. Zevio 2013"]
[Site "?"]
[Date "2013.01.25"]
[Round "4"]
[White "Pisani, Valerio"]
[Black "Brunelli, Flavio"]
[Result "0-1"]
[WhiteElo "1731"]
[BlackElo "1757"]
[PlyCount "79"]
[EventDate "2014.03.18"]
[SourceDate "2014.03.18"]

1. Nc3 f5 2. d4 Nf6 3. Bg5 e6 4. Nf3 g6 5. e4 fxe4 6. Nxe4 Bg7 7. Nxf6+ Bxf6 8.
Bh6 Qe7 9. Qd2 Nc6 10. Bb5 Nd8 11. O-O c6 12. Bd3 Nf7 13. Be3 O-O 14. c4 d5 15.
c5 e5 16. dxe5 Nxe5 17. Nxe5 Bxe5 18. Bh6 Bg7 19. Rae1 Qf7 20. Bxg7 Kxg7 21.
Re3 Bd7 22. Rfe1 Rae8 23. b4 Rxe3 24. Rxe3 Re8 25. Rf3 Qe7 26. Qf4 Qe1+ 27. Bf1
Bf5 28. g4 Re4 29. Qc7+ Re7 30. Qd8 Re8 31. Qg5 Be6 32. Qf6+ Kg8 33. Re3 Qxb4
34. Rxe6 Qxg4+ 35. Bg2 Rxe6 36. Qd8+ Kf7 37. Qd7+ Kf6 38. Qd8+ Kg7 39. Qd7+ Kh6
40. h3 0-1

[Event "C.P.A. Zevio 2013"]
[Site "?"]
[Date "2013.01.25"]
[Round "4"]
[White "Morandini, Alessandro"]
[Black "Baldaccini, Franco"]
[Result "1/2-1/2"]
[WhiteElo "1308"]
[BlackElo "1664"]
[PlyCount "34"]
[EventDate "2014.03.18"]
[SourceDate "2014.03.18"]

1. d4 d5 2. Nf3 Nf6 3. e3 e6 4. Bd3 c5 5. c3 Nc6 6. Nbd2 a6 7. O-O b5 8. dxc5
Bxc5 9. Re1 O-O 10. h3 Ba7 11. e4 Bb7 12. e5 Nd7 13. Nb3 Re8 14. Bxh7+ Kxh7 15.
Ng5+ Kh8 16. Qh5+ Kg8 17. Qxf7+ Kh8 1/2-1/2

[Event "C.P.A. Zevio 2013"]
[Site "?"]
[Date "2013.01.25"]
[Round "4"]
[White "De Paoli, Emilio"]
[Black "Jirillo, Antonio"]
[Result "1/2-1/2"]
[WhiteElo "1863"]
[BlackElo "1663"]
[PlyCount "92"]
[EventDate "2014.03.18"]
[SourceDate "2014.03.18"]

1. c4 f5 2. g4 fxg4 3. e4 d6 4. d4 e5 5. Be2 Nf6 6. dxe5 dxe5 7. Qxd8+ Kxd8 8.
Bg5 Bb4+ 9. Nd2 Nc6 10. O-O-O Bxd2+ 11. Rxd2+ Nd4 12. f3 h6 13. Bh4 c5 14. h3
gxh3 15. Nxh3 Kc7 16. Bg3 Re8 17. Bd1 Nh5 18. Bf2 Bxh3 19. Rxh3 Nf4 20. Rg3 g5
21. Be3 Rg8 22. Rg1 Rad8 23. Rh1 Rh8 24. Bxd4 Rxd4 25. Rxd4 cxd4 26. Rh2 b6 27.
Kd2 h5 28. b4 h4 29. Bb3 Kd6 30. a3 Rh7 31. Ba4 Rc7 32. Bb5 Ke7 33. Ke1 Kf6 34.
Kf1 d3 35. Rd2 Rc8 36. a4 Rd8 37. c5 bxc5 38. bxc5 Ne6 39. c6 Nc7 40. Rxd3 Rxd3
41. Bxd3 Kg6 42. Kg1 Kh5 43. Be2 Kg6 44. Bf1 Kf6 45. Bh3 Ke7 46. Bd7 Kd6
1/2-1/2

[Event "C.P.A. Zevio 2013"]
[Site "?"]
[Date "2013.01.25"]
[Round "4"]
[White "De Togni, Paolo"]
[Black "Marino, Francesco V."]
[Result "1-0"]
[WhiteElo "1483"]
[BlackElo "1834"]
[PlyCount "78"]
[EventDate "2014.03.18"]
[SourceDate "2014.03.18"]

1. d4 d6 2. Nf3 Nf6 3. Nbd2 Nbd7 4. b3 c6 5. Bb2 g6 6. e3 Bg7 7. Bd3 a5 8. a4
O-O 9. O-O Qc7 10. Rc1 e5 11. Re1 Re8 12. e4 exd4 13. Bxd4 Ne5 14. Nxe5 dxe5
15. Be3 Nh5 16. Qf3 Nf4 17. Bc4 h5 18. Qg3 Be6 19. Bxe6 Rxe6 20. Nc4 b5 21. Nb2
Bh6 22. Rcd1 g5 23. Bxf4 exf4 24. Qh3 h4 25. Qf5 Rae8 26. Nd3 Kg7 27. e5 bxa4
28. bxa4 c5 29. c4 Qc6 30. Nb2 R8e7 31. Rd5 Rg6 32. h3 Rb7 33. Nd3 Qxa4 34.
Rxc5 Qa3 35. e6 Rf6 36. Qe4 Rxe6 37. Qd4+ Kh7 38. Rxe6 fxe6 39. Qe4+ Kg7 1-0

[Event "C.P.A. Zevio 2013"]
[Site "?"]
[Date "2013.01.25"]
[Round "4"]
[White "Tencheni, Maurizio"]
[Black "Curto, Carlo Alberto"]
[Result "1-0"]
[WhiteElo "1677"]
[BlackElo "1685"]
[PlyCount "99"]
[EventDate "2014.03.18"]
[SourceDate "2014.03.18"]

1. c4 e5 2. Nc3 Nf6 3. g3 Nc6 4. Bg2 Bb4 5. e3 O-O 6. Nge2 d6 7. O-O Rb8 8. a3
Bxc3 9. Nxc3 a6 10. b4 Ne7 11. Bb2 Be6 12. d3 Qc8 13. Re1 Ng6 14. Rc1 Rd8 15.
Nd5 Nxd5 16. cxd5 Bd7 17. Qc2 Bf5 18. e4 Bh3 19. Qxc7 Bxg2 20. Qxc8 Rdxc8 21.
Kxg2 Ne7 22. d4 f6 23. dxe5 fxe5 24. f4 Rxc1 25. Rxc1 exf4 26. gxf4 Rc8 27.
Rxc8+ Nxc8 28. e5 g6 29. Kf3 Kf7 30. Bd4 Ke7 31. Ke4 Kd7 32. f5 gxf5+ 33. Kxf5
Ne7+ 34. Ke4 dxe5 35. Bxe5 b5 36. h4 h5 37. Bg3 Ng6 38. Kf5 Ne7+ 39. Ke5 Ng8
40. d6 Nh6 41. Kf6 Ng4+ 42. Kg5 Ne3 43. Kxh5 Nc2 44. Kg6 Nxa3 45. h5 a5 46.
bxa5 b4 47. a6 Nb5 48. h6 b3 49. Be5 Nxd6 50. a7 1-0

[Event "C.P.A. Zevio 2013"]
[Site "Zevio (VR)"]
[Date "2013.01.20"]
[Round "5"]
[White "Faccia, Sergio"]
[Black "Carli, Carlo"]
[Result "0-1"]
[WhiteElo "2079"]
[BlackElo "2051"]
[PlyCount "90"]
[EventDate "2013.01.25"]

1. e4 g6 2. d4 Bg7 3. Nc3 e6 4. Nf3 Ne7 5. Bg5 h6 6. Bh4 d6 7. Bc4 a6 8. a4 b6
9. O-O Bb7 10. Qd2 Nd7 11. b4 g5 12. Bg3 O-O 13. Rad1 Nf6 14. Bd3 Nh5 15. Ne2
f5 16. exf5 exf5 17. h4 f4 18. Bh2 Nf5 19. Bxf5 Rxf5 20. Qd3 Qd7 21. hxg5 hxg5
22. d5 Rxd5 23. Qb3 Qf7 24. c4 Rxd1 25. Rxd1 Bh6 26. Nfd4 Re8 27. Qh3 Bc8 28.
Qf3 g4 29. Qd3 c5 30. bxc5 dxc5 31. Nb3 f3 32. Ng3 Nxg3 33. Bxg3 fxg2 34. Qd5
Be6 35. Qd6 Bg7 36. Nd2 Bxc4 37. Nxc4 Qxc4 38. Qxb6 Qe2 39. Qb3+ c4 40. Qb1 c3
41. Rc1 Qb2 42. Bf4 Qxb1 43. Rxb1 Re4 44. Rb8+ Kh7 45. Be3 Rxa4 0-1

[Event "C.P.A. Zevio 2013"]
[Site "Zevio (VR)"]
[Date "2013.01.20"]
[Round "5"]
[White "Bertani, Gianfranco"]
[Black "Rizzati, Aldo"]
[Result "1-0"]
[WhiteElo "2051"]
[BlackElo "1944"]
[PlyCount "83"]
[EventDate "2014.03.18"]
[SourceDate "2014.03.18"]

1. d4 d5 2. e3 Nf6 3. Bd3 c5 4. c3 e6 5. f4 Nc6 6. Nf3 Bd7 7. O-O Bd6 8. Ne5
cxd4 9. exd4 O-O 10. Nd2 Rc8 11. Rf3 Ne7 12. Rh3 Ng6 13. Ndf3 b5 14. Ng5 h6 15.
Ngxf7 Rxf7 16. Bxg6 Rf8 17. a3 a5 18. Qe2 Be8 19. Bd2 Qb6 20. Bxe8 Rcxe8 21.
Ng6 Rf7 22. Kh1 b4 23. axb4 axb4 24. Ra6 Qb8 25. cxb4 Ne4 26. Rf3 Bxb4 27. Be3
Ra7 28. g4 Qb7 29. Rxa7 Qxa7 30. Qb5 Rb8 31. Qc6 Qa1+ 32. Bg1 Bd6 33. Qd7 Qd1
34. Qxe6+ Kh7 35. Nh4 Rxb2 36. Qf5+ Kh8 37. Ng6+ Kg8 38. Qxd5+ Kh7 39. Qxe4 Rb1
40. Rg3 Bb4 41. Ne7+ Kh8 42. Qa8+ 1-0

[Event "C.P.A. 2013"]
[Site "Zevio (VR)"]
[Date "2013.01.20"]
[Round "5"]
[White "Molinaroli, Giacomo"]
[Black "Khachab, Ibrahim"]
[Result "0-1"]
[WhiteElo "1874"]
[BlackElo "1922"]
[PlyCount "158"]
[EventDate "2014.03.18"]
[SourceDate "2014.03.18"]

1. e4 e6 2. d4 d5 3. Nc3 Bb4 4. e5 c5 5. Bd2 a6 6. a3 Bxc3 7. bxc3 Nc6 8. Nf3
Nge7 9. Bd3 c4 10. Be2 h6 11. O-O Bd7 12. Bc1 Qa5 13. Qd2 Qa4 14. Rb1 O-O-O 15.
Re1 g5 16. h3 Rdg8 17. Nh2 h5 18. Qd1 g4 19. hxg4 hxg4 20. Nxg4 Rh4 21. g3 Rh3
22. Bf1 Rhh8 23. Nf6 Rg7 24. Nxd7 Kxd7 25. Rxb7+ Kc8 26. Rb1 Nf5 27. Bd2 Qa5
28. Qc1 Kc7 29. Qb2 Rb8 30. Qa2 Rgg8 31. Red1 Rxb1 32. Rxb1 Nfxd4 33. Be3 Qxc3
34. Qb2 Qxb2 35. Rxb2 Nf3+ 36. Kg2 Nfxe5 37. Bb6+ Kd7 38. Bc5 Rb8 39. Rxb8 Nxb8
40. f4 Nec6 41. Kf3 a5 42. Kg4 Na6 43. Bf2 Nc7 44. Kg5 Nb5 45. Bc5 Nc3 46. Bg2
Na4 47. Be3 Ke7 48. Kg4 Nc3 49. Bc5+ Ke8 50. Kf3 Ne4 51. Bg1 Kd7 52. g4 Kd6 53.
Be3 Nc3 54. Bd2 Nb1 55. Bc1 Nd4+ 56. Kf2 Nxc2 57. a4 Nb4 58. Ke3 Nc3 59. Ba3
Nxa4 60. Kd2 c3+ 61. Kc1 d4 62. Bf1 Kd5 63. Bb5 Nc5 64. Be8 f6 65. g5 fxg5 66.
fxg5 Ke5 67. Bh5 Ne4 68. g6 Kf6 69. Bf3 Nc5 70. Bh5 d3 71. Kd1 e5 72. Bc1 Ne6
73. Be3 Nf4 74. Bf3 Kxg6 75. Bb6 a4 76. Ba5 Nbd5 77. Be4+ Kg5 78. Bd8+ Kg4 79.
Ba5 Ne3+ 0-1

[Event "C.P.A. Zevio 2013"]
[Site "Zevio (VR)"]
[Date "2013.01.20"]
[Round "5"]
[White "Cordioli, Luca"]
[Black "Marin, Alessandro"]
[Result "0-1"]
[WhiteElo "1697"]
[BlackElo "1988"]
[PlyCount "40"]
[EventDate "2014.03.18"]
[SourceDate "2014.03.18"]

1. e4 c5 2. Nc3 Nc6 3. g3 g6 4. Bg2 Bg7 5. Nge2 e6 6. f4 d6 7. d3 Nge7 8. Be3
O-O 9. d4 cxd4 10. Nxd4 Qb6 11. Nce2 Qxb2 12. O-O d5 13. e5 Nxd4 14. Bxd4 Qb4
15. a3 Qc4 16. Rf3 b6 17. Rc3 Qa4 18. g4 Ba6 19. Rc7 Bxe2 20. Qxe2 Qxd4+ 0-1

[Event "C.P.A. Zevio 2013"]
[Site "Zevio (VR)"]
[Date "2013.01.20"]
[Round "5"]
[White "Brunelli, Giovanni"]
[Black "Adami, Antonio"]
[Result "1/2-1/2"]
[WhiteElo "1971"]
[BlackElo "1720"]
[PlyCount "52"]
[EventDate "2014.03.18"]
[SourceDate "2014.03.18"]

1. e4 c5 2. Nf3 d6 3. d4 cxd4 4. Nxd4 Nf6 5. Nc3 a6 6. Bg5 e6 7. f4 b5 8. e5
dxe5 9. fxe5 Qc7 10. exf6 Qe5+ 11. Be2 Qxg5 12. O-O Ra7 13. Nf3 Qe3+ 14. Kh1
Rd7 15. Qe1 Qb6 16. Ne5 Rc7 17. fxg7 Bxg7 18. Nxf7 Rxf7 19. Bh5 Rhf8 20. Qg3
Ke7 21. Bxf7 Rxf7 22. Qh4+ Bf6 23. Rxf6 Rxf6 24. Rf1 Qd4 25. Qxh7+ Kf8 26. Qh8+
Kf7 1/2-1/2

[Event "C.P.A. Zevio 2013"]
[Site "Zevio (VR)"]
[Date "2013.01.20"]
[Round "5"]
[White "Sprea, Giuseppe"]
[Black "Garofalo, Sergio"]
[Result "1/2-1/2"]
[WhiteElo "1947"]
[BlackElo "1822"]
[PlyCount "101"]
[EventDate "2014.03.18"]
[SourceDate "2014.03.18"]

1. d4 Nf6 2. c4 e5 3. dxe5 Ng4 4. Nf3 Bc5 5. e3 Nc6 6. Be2 Qe7 7. Nc3 Ngxe5 8.
Nxe5 Nxe5 9. a3 a5 10. Nd5 Qd8 11. Rb1 c6 12. Nc3 O-O 13. O-O f5 14. b4 axb4
15. axb4 Be7 16. Qc2 d6 17. f4 Ng6 18. b5 Be6 19. bxc6 bxc6 20. Rd1 Qe8 21. Rb6
Bd7 22. g3 Qc8 23. Qb3 Rb8 24. Ba3 Qc7 25. c5+ d5 26. Nxd5 cxd5 27. Qxd5+ Kh8
28. Rxb8 Qxb8 29. Qxd7 Qb3 30. Qd3 Qa4 31. Bb2 Bxc5 32. Qc3 Qa7 33. Kf2 Rc8 34.
Rd5 h6 35. Rxf5 Nf8 36. Rh5 Rc6 37. Bf3 Bxe3+ 38. Qxe3 Rc2+ 39. Be2 Qxe3+ 40.
Kxe3 Rxb2 41. Rb5 Rxb5 42. Bxb5 g6 43. g4 Kg7 44. Ba6 Ne6 45. Bc8 Nd8 46. Ke4
Kf6 47. h4 Nf7 48. Ba6 Nd6+ 49. Kd5 Nf7 50. Bd3 g5 51. hxg5+ 1/2-1/2

[Event "C.P.A. Zevio 2013"]
[Site "Zevio (VR)"]
[Date "2013.01.20"]
[Round "5"]
[White "Zanchetta, Nicola"]
[Black "Bartiromo, Gerardo"]
[Result "1/2-1/2"]
[WhiteElo "1893"]
[BlackElo "1621"]
[PlyCount "91"]
[EventDate "2014.03.18"]
[SourceDate "2014.03.18"]

1. e4 d6 2. d4 Nf6 3. Nc3 c6 4. Be2 Nbd7 5. g4 h6 6. f4 Qa5 7. Qd3 e5 8. g5
exd4 9. Qxd4 hxg5 10. fxg5 Nh5 11. Bxh5 Rxh5 12. Bf4 Ne5 13. O-O-O Bg4 14. Nge2
O-O-O 15. Kb1 Qb6 16. Bxe5 dxe5 17. Qxe5 Qc7 18. Rxd8+ Qxd8 19. Rd1 Qe7 20. Qa5
b6 21. Qa6+ Kb8 22. Nd4 Bd7 23. Qc4 Kb7 24. Nf3 Be6 25. Qf1 Qc5 26. h4 g6 27.
Nd4 Qe5 28. Nxe6 Qxe6 29. Qf4 Be7 30. Rf1 Rh7 31. e5 Bd8 32. a3 Bc7 33. Re1 b5
34. a4 a6 35. axb5 axb5 36. Qe4 Qc4 37. Qxc4 bxc4 38. Re4 Kb6 39. Kc1 Kc5 40.
Kd2 Rh8 41. Ke3 Re8 42. Kf4 Re6 43. Nd1 f5 44. Ne3 Rxe5 45. Rxe5+ Bxe5+ 46. Kf3
1/2-1/2

[Event "C.P.A. Zevio 2013"]
[Site "Zevio (VR)"]
[Date "2013.01.20"]
[Round "5"]
[White "Negro, Raffaele"]
[Black "Scagliarini, Gennaro"]
[Result "1-0"]
[WhiteElo "1826"]
[BlackElo "1722"]
[PlyCount "77"]
[EventDate "2014.03.18"]
[SourceDate "2014.03.18"]

1. d4 d5 2. Bf4 e6 3. e3 b6 4. Nf3 Ba6 5. Bxa6 Nxa6 6. Qd3 Nb8 7. Nc3 Bd6 8.
Ne5 Bxe5 9. Bxe5 f6 10. Bg3 Ne7 11. e4 O-O 12. O-O dxe4 13. Qxe4 c6 14. Qxe6+
Kh8 15. Rfe1 Nd5 16. Bd6 Nc7 17. Bxc7 Qxc7 18. Qe7 Qd8 19. Qb7 Nd7 20. Qxc6 Re8
21. Kf1 Rc8 22. Rxe8+ Qxe8 23. Qb7 a5 24. Re1 Qd8 25. Re7 Qxe7 26. Qxc8+ Nf8
27. Nd5 Qd6 28. Nxb6 h6 29. Qc5 Qd8 30. d5 Kh7 31. d6 Nd7 32. Nxd7 Qxd7 33. b3
Kg6 34. Qc7 Qb5+ 35. c4 Qe5 36. Qe7 Qa1+ 37. Qe1 Qd4 38. f3 a4 39. Qe4+ 1-0

[Event "C.P.A. Zevio 2013"]
[Site "Zevio (VR)"]
[Date "2013.01.20"]
[Round "5"]
[White "Oppici, Gabriele"]
[Black "Recchia, Mattia"]
[Result "1-0"]
[WhiteElo "1977"]
[BlackElo "1506"]
[PlyCount "35"]
[EventDate "2014.03.18"]
[SourceDate "2014.03.18"]

1. d4 d5 2. Nf3 Nf6 3. Bf4 e6 4. e3 c6 5. c4 Nbd7 6. Nc3 dxc4 7. Bxc4 b5 8. Bd3
b4 9. Ne4 Nxe4 10. Bxe4 Bb7 11. Rc1 Rc8 12. Qa4 Qb6 13. O-O Nf6 14. Bd3 Be7 15.
Ne5 a5 16. Nc4 Qb5 17. Qxb5 cxb5 18. Nxa5 1-0